000 01421nam a22003377a 4500
003 DO-SdBNP
005 20250122120435.0
007 ta
008 210824b 2018 dr 00| 0 eng d
020 _a9789945913118
040 _aDO-SdBNP
_bspa
_cBNPHU
_erda
041 _hspa
082 4 _aRD863.4
_bG215a
_222
100 1 _aGarcía Godoy, Federico,
_d1857-1924
_eautor
_91669
245 1 0 _aAlma dominicana /
_cFederico García Godoy ; prólogo, Armando Cordero
264 _aSanto Domingo :
_bArchivo General de la Nación,
_c2018
300 _a168 páginas ;
_c23 cm.
336 _ardacontent
_btexto
_2txt
337 _ardamedia
_bsin mediación
_2n
338 _ardacarrier
_bvolumen
_2nc
490 1 _aJuvenil ;
_v11
500 _aIncluye datos biográficos del autor en las solapas de las cubiertas.
500 _aMotivo de cubierta: de izquierda a derecha Pedro Antonio Pimentel, Gregorio Luperón, Ulises Francisco Espaillat, José Antonio Salcedo (Pepillo).
505 _gPrimera parte.
_tLa Bandera.--
_gSegunda parte.
_tLa Anexión.--
_gTercera parte.
_tSantiago de los Caballeros.--
_gCuarta parte.
_tCamino del triunfo.--
_tSelección de cartas.
590 _aInventariado, 2021 / BT
650 4 _aNovela histórica dominicana
_9860
650 4 _aLiteratura dominicana
830 0 _aArchivo General de la Nación
_pJuvenil ;
_n11
_979562
910 _aBtavárez/Validado. Control de calidad MFF
942 _2ddc
_cLBS1
999 _c50268
_d50268